Alaska Studies Vocabulary Practice Quiz Stats

Quiz not verified by Sporcle

Challenge
Share
Tweet
Embed
Score 0/48 Timer 08:00
0 Plays Today
% Correct
Alaskanization
94.4%
nation
90.9%
identity
90.9%
oceanography
88.9%
geology
88.9%
cartography
88.9%
Kichx̱áan
88.9%
plate tectonics
83.3%
hydrology
83.3%
Sheetʼká
83.3%
subduction zone
83.3%
moiety
81.8%
clan
81.8%
transform plate boundary
77.8%
regionalization
77.8%
Wáa sá i yatee?
77.8%
chʼáakʼ
72.7%
yéil
72.7%
Waashdan Ḵwáan
72.7%
microcosm
72.7%
Áankich
72.7%
reify
72.2%
counterfactual
72.2%
orogenesis
72.2%
% Correct
geography
72.2%
monolith
66.7%
Lingít Aaní
66.7%
shaa
66.7%
héen
66.7%
Ḵinayis.aax̱.
63.6%
upstreaming
61.1%
Ḵaax̱gal.aat
61.1%
Dzántikʼi Héeni
61.1%
Gunalchéesh.
61.1%
lingít
61.1%
Tléil ushkʼé.
61.1%
kwaan
61.1%
aan
55.6%
Anóoshi
55.6%
ḵusteeyí
55.6%
shuká
55.6%
X̱at yakʼéi.
55.6%
dleit
55.6%
Sh yeelkʼatlʼ.
54.5%
Tléil wáa sá.
50%
yoo aan ka.á
50%
éilʼ
50%
ḵwáan
45.5%

You're not logged in!

Compare scores with friends on all Sporcle quizzes.
Sign Up with Email
OR
Log In

You Might Also Like...

Show Comments

Extras

Top Quizzes Today


Score Distribution

Your Account Isn't Verified!

In order to create a playlist on Sporcle, you need to verify the email address you used during registration. Go to your Sporcle Settings to finish the process.

Report this User

Report this user for behavior that violates our Community Guidelines.

Details: